000 00379nam a2200145Ia 4500
008 230917s9999||||xx |||||||||||||| ||und||
040 _e208801
_aMAIN
041 _aEnglish
082 _a821.6 W891C
100 _aWordsworth, William
245 0 _aComplete poetical works of William Wordsworth
260 _aLondon
_bMacmillan
_c1930
300 _alxviii, 928 p.
942 _cBK
999 _c134704
_d134704